000
00308 a2200157 4500
001
183109
020
_a
040
_c
Magnum
100
_a
Bazin, Herve
240
1
0
_a
Madame ex
_l
por
245
1
0
_a
Madame ex
300
_a
291
362
0
_a
1975
697
_a
LITERATURA GERAL ESTRANGEIRA
942
_c
BK
999
_c
183109
_d
183109